| 000 | 00318 a2200121 4500 | ||
|---|---|---|---|
| 001 | 12917 | ||
| 082 | _a006.454 KAT | ||
| 090 |
_c9900 _d9900 |
||
| 100 | _aKatagiri,Shigeru | ||
| 245 |
_aHandbook of Neural Networks for Speech Processing _cShigeru |
||
| 260 |
_aLONDON _bArtech House _c2005 |
||
| 300 | _axxiii, 522 p. | ||
| 942 |
_aNUST-CAE _k006.454 KAT |
||
| 999 |
_c247990 _d247990 |
||